| 000 | 00645aam a2200265 4500 | ||
|---|---|---|---|
| 005 | 20250729173808.0 | ||
| 008 | 150730b1992 xxu||||| |||| 00| 0 spa d | ||
| 020 | _a8485389964 | ||
| 041 | _aESP | ||
| 041 | _aING | ||
| 082 | _a574.5 B793p | ||
| 100 | _aBoza, Mario | ||
| 245 | _aParques Nacionales Costa Rica / National Parks | ||
| 260 | _aCosta Rica | ||
| 260 | _bIncafo | ||
| 260 | _c1992 | ||
| 300 | _a87 páginas | ||
| 490 | _aTurismo | ||
| 650 | _aPARQUES NACIONALES | ||
| 650 | _aRESERVAS DE TIERRAS | ||
| 650 | _aRESERVAS BIOLÓGICAS | ||
| 650 | _aREFUGIOS DE VIDA SILVESTRE | ||
| 650 | _aCOSTA RICA | ||
| 942 |
_cBK _2ddc |
||
| 999 |
_c419 _d419 |
||